000 01914nam0a2200397 4500
001 RU\NLR\bibl\1409682
005 20250615210955.0
010 _a978-5-87532-031-9
_91000
021 _aRU
_b2009-51733
_93178
035 _a(nilc)RSL-KNO-004348551
035 _aEL/0000286306
035 _a(NLR Aleph) 001401668
090 _a1226343
_c1226343
100 _a20090619d2009 |||y0rusy50 ca
101 0 _arus
102 _aRU
105 _aa |||||||||
200 1 _aПыль чужих дорог
_eсобрание стихотворений
_fПавел Булыгин
205 _a2-е изд., доп. и испр.
210 _aМосква
_cAcademia
_d2009
_eЛюберцы (Моск. обл.)
_gПИК ВИНИТИ
215 _a479 с., [8] л. ил., портр.
_d21
320 _aБиблиогр.: с. 467-469
320 _aСписок трудов П. П. Булыгина: с. 467
327 0 _aСодерж. разд.: Стихотворения: циклы: Ея Императорскому величиству государыне императрицы Мария Федоровне; Бубенцы; В пути; "Чужие звезды" (Абиссиния 1924-1934); Рассказы: Китеж-град; Стрницы ушедшего; Обезьянья царица; За вольным казаком Ашиновым [и др.]; Публицистика; Некрологи
686 _aШ5(2=Р)53-6я44
_2rubbk
686 _aШ5(2=Р)53-65я44
_vLBC/SL
_2rubbk
686 _aШ6(2=Р)6-5
700 1 _4070
_7ca
_8rus
_aБулыгин
_bП. П.
_f1896-1936
_gПавел Петрович
_92641829
_3RU\NLR\AUTH\770272374
801 0 _aRU
_bРГБ
_c20090619
_grcr
801 1 _aRU
_bРГБ
_c20090619
801 2 _aRU
_bГПИБ России
_c20090818
_2rusmarc
801 2 _aRU
_bNLR
_c20090909
_grcr
942 _cBOOK
980 _aNB